000 00553nmm a2200169Ia 4500
008 251105s9999||||xx |||||||||||||||||und||
020 _a9788499401690
041 _aspa
100 _aCañellas Mas, Antonio
245 0 _aLaureano López Rodó :
_b Biografía política de un Ministro de Franco (1920-2000)
264 _a[Madrid, España] :
_bBiblioteca Nueva,
_c2011
300 _a392 páginas
490 _aHistoria Biblioteca Nueva
650 _aHistory of Europe: Spain
856 _uhttps://public.digitaliapublishing.com/a/14709
942 _cCF
999 _c92599
_d92599